Épisodes de Tintin par extrait de 5 secondes #4 - Statistiques

Statistiques générales
  • Ce quiz a été pris 58 fois
  • Le résultat moyen est 16 sur 21
Statistiques - réponses
Hint Réponse % Correct
Le Secret de La Licorne
93%
Les Sept Boules de cristal
93%
L'Étoile mystérieuse
93%
Tintin en Amérique
89%
L'Oreille cassée
86%
Tintin au Tibet
86%
Le Temple du Soleil
82%
Le Trésor de Rackham le Rouge
82%
L'Île Noire
82%
Tintin et les Picaros
82%
Vol 714 pour Sydney
82%
L'Affaire Tournesol
79%
Le Sceptre d'Ottokar
75%
Les Bijoux de la Castafiore
71%
Objectif Lune
68%
On a marché sur la Lune
68%
Les Cigares du pharaon
57%
Coke en stock
54%
Le Crabe aux pinces d'or
54%
Le Lotus bleu
54%
Tintin au pays de l'or noir
36%
Aucun quiz correspondant
Distribution des résultats
% des personnes avec chaque résultat
Percentile par nombre de réponses
Votre historique - résultats
Vous n’avez pas pris ce quiz